<?xml version="1.0" encoding="UTF-8"?>
<collection xmlns="http://www.loc.gov/MARC21/slim">
 <record>
  <leader>01352pam a22003138a 4500</leader>
  <controlfield tag="001">00030458</controlfield>
  <controlfield tag="005">20171026081023.0</controlfield>
  <controlfield tag="008">130321s2003                  ||||||engsd</controlfield>
  <datafield tag="020" ind1="#" ind2="#">
   <subfield code="a">9780333988923</subfield>
  </datafield>
  <datafield tag="041" ind1="0" ind2="#">
   <subfield code="a">eng</subfield>
  </datafield>
  <datafield tag="082" ind1="1" ind2="4">
   <subfield code="a">428</subfield>
   <subfield code="b">L200T</subfield>
  </datafield>
  <datafield tag="100" ind1="1" ind2="#">
   <subfield code="a">Lougheed, Lin</subfield>
  </datafield>
  <datafield tag="245" ind1="1" ind2="0">
   <subfield code="a">Learning to listen</subfield>
   <subfield code="c">Lin Lougheed</subfield>
   <subfield code="b">Making sense of spoken English. Teacher's guide 3</subfield>
  </datafield>
  <datafield tag="260" ind1="#" ind2="#">
   <subfield code="a">New York</subfield>
   <subfield code="b">Macmillan</subfield>
   <subfield code="c">2003</subfield>
  </datafield>
  <datafield tag="300" ind1="#" ind2="#">
   <subfield code="a">127 p.</subfield>
   <subfield code="b">ill.</subfield>
   <subfield code="c">26 cm</subfield>
  </datafield>
  <datafield tag="653" ind1="#" ind2="#">
   <subfield code="a">Kỹ năng nghe</subfield>
  </datafield>
  <datafield tag="653" ind1="#" ind2="#">
   <subfield code="a">Luyện thi</subfield>
  </datafield>
  <datafield tag="653" ind1="#" ind2="#">
   <subfield code="a">Tiếng Anh</subfield>
  </datafield>
  <datafield tag="852" ind1="#" ind2="#">
   <subfield code="b">Kho giáo trình</subfield>
   <subfield code="j">KGT.0036227, KGT.0036228, KGT.0036229, KGT.0036230, KGT.0036231, KGT.0036232, KGT.0036233, KGT.0036234, KGT.0036235, KGT.0036236, KGT.0036237, KGT.0036238, KGT.0036239, KGT.0036240, KGT.0036241, KGT.0036242, KGT.0036243, KGT.0036244, KGT.0036245</subfield>
  </datafield>
  <datafield tag="852" ind1="#" ind2="#">
   <subfield code="b">Kho mượn</subfield>
   <subfield code="j">KGT.0036227</subfield>
  </datafield>
  <datafield tag="852" ind1="#" ind2="#">
   <subfield code="j">KD.0014455</subfield>
   <subfield code="b">Kho đọc</subfield>
  </datafield>
  <datafield tag="852" ind1="#" ind2="#">
   <subfield code="j">KGT.0036227</subfield>
   <subfield code="j">KGT.0036228</subfield>
   <subfield code="j">KGT.0036231</subfield>
   <subfield code="j">KGT.0036233</subfield>
   <subfield code="j">KGT.0036234</subfield>
   <subfield code="j">KGT.0036236</subfield>
   <subfield code="j">KGT.0036238</subfield>
   <subfield code="j">KGT.0036241</subfield>
   <subfield code="j">KGT.0036243</subfield>
   <subfield code="j">KGT.0036244</subfield>
   <subfield code="j">KD.0014455</subfield>
   <subfield code="j">KGT.0036229</subfield>
   <subfield code="j">KGT.0036239</subfield>
   <subfield code="j">KGT.0036240</subfield>
   <subfield code="j">KGT.0036230</subfield>
   <subfield code="j">KGT.0036232</subfield>
   <subfield code="j">KGT.0036235</subfield>
   <subfield code="j">KGT.0036237</subfield>
   <subfield code="j">KGT.0036242</subfield>
   <subfield code="j">KGT.0036245</subfield>
  </datafield>
  <datafield tag="910" ind1="0" ind2="#">
   <subfield code="d">21/03/2013</subfield>
  </datafield>
  <datafield tag="980" ind1="#" ind2="#">
   <subfield code="a">Trung tâm Học liệu Lê Vũ Hùng, Trường Đại học Đồng Tháp</subfield>
  </datafield>
 </record>
</collection>
